000 04546nab a2200349 i 4500
003 BR-BrBNA
005 20250122164101.0
008 250122b2017 bl.mr|pooa||| 00| 0 eng |
040 _aBR-BrBNA
_beng
072 _aL74
_b5400
072 _aL70
100 _aCamplesi, Annelise Carla
100 _aBellodi, Carolina
100 _aSocha, José Javier Mesa
100 _aHatayde, Mário Roberto
100 _aSobreira, Márcia Ferreira da Rosa
100 _aAraujo, Gustavo Henrique Marques
100 _aAraujo, Carla Fredrichsen Moya
245 _aDogs poisoned with Nerium oleander fresh leaves: clinical and electrocardiographic findings
500 _aPublicação on-line; 23 ref.; 2 tables; Sumaries (En, Pt)
520 _a ABSTRACT - Nerium oleander is distributed worldwide, mainly in tropical and subtropical regions. These shrubs are frequently used as ornamental plants. However, they contain more than 30 cardiac glycosides that can cause serious toxic effects in dogs. The objective of this study was to report the clinical and electrocardiographic alterations in dogs experimentally poisoned with N. oleander. Ten adult, healthy, mixed-breed dogs weighing 10- 25kg and aged 3-6 years were selected for the study. We orally administered 0.25g kg-1 of fresh ground leaves of N. oleander to the dogs. No dog died after the ingestion, but all exhibited signs of poisoning such as vomiting, sialorrhea, nausea, apathy, conjunctiva congestion, dehydration, abdominal pain, tremors, diarrhea, loss of appetite, and tenesmus. Electrocardiogram revealed occurrence of several types of arrhythmias: sinus bradycardia, second-degree atrioventricular block, paroxysmal ventricular tachycardia, and ventricular premature complexes. Systolic blood pressure, as well as heart rate, decreased in the first 24 hours. The present study concluded that a single dose of 0.25g kg-1 of N. oleander green leaves is sufficient to cause a moderate intoxication in dogs, with nonspecific clinical changes mainly related to the digestive system and heart rate, thus demonstrating the importance of this type of intoxication in the list of differential diagnoses of small animals routine. Key words: blood pressure, arrhythmia, electrocardiography, cardiac glycosides, canine.
520 _a RESUMO - O Nerium oleander é uma planta com ampla distribuição mundial, principalmente em regiões tropicais e subtropicais. Esses arbustos são frequentemente usados como plantas ornamentais e possuem mais de 30 glicosídeos cardíacos causadores do quadro clínico de intoxicação em caninos. Sabendo-se disso, este artigo teve por objetivo a avaliar as alterações clínicas e eletrocardiográficas, nos animais intoxicados experimentalmente com N. oleander. Foram utilizados 10 cães adultos, hígidos, sem raça definida, com 10 a 25kg de peso, de 3 a 6 anos de idade. Os animais receberam uma única dose de 0,25g kg-1 de peso, de folhas frescas de N. oleander. Nenhum dos animais do experimento veio a óbito. Os sinais clínicos observados foram vômito, sialorréia, náuseas, apatia, conjuntiva ocular congesta, desidratação, dor abdominal, tremores, diarreia, inapetência e tenesmo. Pela análise do eletrocardiograma encontraram-se arritmias como: bradicardia sinusal, bloqueios atrioventriculares de segundo grau, taquicardia ventricular paroxística e complexo ventricular prematuro. A pressão arterial sistólica diminui nas primeiras 24 horas, assim como a frequência cardíaca. Concluiu-se com o presente estudo que uma única dose de 0,25g kg-1 de folhas verdes de N. oleander é suficiente para causar um quadro moderado de intoxicação em cães, com alterações clínicas inespecíficas principalmente relacionadas ao sistema digestório e no ritmo cardíaco, mostrando a importância deste tipo de intoxicação na lista de diagnósticos diferenciais da rotina de pequenos animais. Palavras-chave: pressão sanguínea, arritmia, eletrocardiografia, glicosídeos cardíacos, canino.
650 _aCÃO
650 _aPLANTA TÓXICA
650 _aELETROCARDIOGRAMA
650 _aARRITMIA
650 _aVETERINÁRIA
773 0 _02408
_9346532
_dSanta Maria-RS Universidade Federal de Santa Maria - Centro de Ciências Rurais 1991
_o2024-7203
_tCiência Rural (Brazil)
_x0103-8478 Versão online ISSN 1678-4596
_gv. 47(6) p. 1-6; (2017)
_wBR2024004184
856 _uhttps://www.scielo.br/j/cr/a/RNqsbJDHqskpXfNsjNxDkXK/?format=pdf&lang=en
942 _cANA
999 _c329649
_d329649